000 00326nam a2200133Ia 4500
008 231129s1960||||xx |||||||||||||| ||spa||
040 _bspa
082 _a(EN PROCESO DE DESCARTE) 833.912 V215n
100 _aValtin Jan
245 0 _aLa noche quedo atras
260 _c1960
264 _aMéxico : Diana
942 _2ddc
_cBKS
999 _c17749
_d17749